000 00379nam a22001697a 4500
003 UA-OsUOA
001 1265
007 ta
008 20050721b un ||||| |||| 00| 0 ukr d
100 _aDescartes
700 _aRene
942 _cBK
040 _aUA-OsUOA
_cUA-OsUOA
_dUA-OsUOA
245 _aDiscours de la methode. Les passions de lame.
_bFrench
955 _a2
650 7 _2UDC
999 _c287427
_d287427